000 00530nam a22001817a 4500
003 CEME
005 20210628203952.0
008 210105b xxu||||| |||| 00| 0 eng d
020 _a9789535108313
040 _c.
082 _a006.454 MOD
100 _aRamakrishnan, S
_968081
245 _aModern speech recognition approaches with case studies
260 _aCROATIA
_bINTECH WEB.ORG
_c2012
300 _a326P
650 _aSPEECH RECOGNITION.MODERN SPEECH RECOGNITION APPROACHES WITH CASE STUDIES
_968082
942 _cBK
_2ddc
999 _c575732
_d575732